000 00809nam a2200241 i 4500
001 185287
003 SpMaBN
005 20250904043127.0
008 160506s2014 sp |||| | spa d
020 _a978-84-941046-2-6
080 _a821.134.2-14"19"
100 1 _aCopado, María Antonia.
_9152753
245 1 0 _aCuerpo inerte /
_cMaría Antonia Copado ; edición corregida por Javier Díaz Gil.
250 _a1ª ed.
260 _aMadrid :
_bPoeta de Cabra (2),
_c2014.
300 _a77 p. ;
_c16 cm.
490 1 _aLibretos Poeta de Cabra. Bolsillo poesía ;
_v13
700 1 _aDíaz Gil, Javier.
_9152754
830 0 0 _aLibretos Poeta de Cabra
_v13
_9188096
852 _aES-MaACL
_jA-13738
_9192310
_bR.150862
_cDEPO1
_dOlim: N-6738
942 _2udc
_cMONOGRAFIA
999 _c185287
_d185287